000 00697nam a2200217 4500
001 111869
003 ES-MaACL
005 20250808002129.0
007 t|
008 061121s1945 sp r ||||1| spa d
100 1 _aNatzmer, Gert von.
_985005
245 1 0 _aAtomo, vida, cosmos /
_cpor Gert von Natzmer ; [traducción del alemán por Montserrat Costa ].
250 _a[1ª ed.].
260 _aBarcelona :
_bEdiciones Lauro,
_c1945.
300 _a176 p. ;
_c22 cm.
490 1 _aColección ` la aventura del hombre`
700 1 _aCosta, Montserrat.
_941072
830 0 0 _aColección "La aventura del hombre"
_9233089
852 _aES-MaACL
_jB-10090
_bR.21574
999 _c111869
_d111869